000
00278nam a22000977a 4500
008
231128b |||||||| |||| 00| 0 eng d
082
_a
DG /
_b
TROC
100
_a
Troisi, Licia
_e
Autor
_9
43019
245
_a
La chica Dragón:
_b
La herencia de thuban /
_c
Licia Troisi
942
_2
ddc
999
_c
30448
_d
16832